|
|
|
|
| LEADER |
00000cam a2200000 7i4500 |
| 001 |
0000140295 |
| 005 |
20130422.0 |
| 020 |
|
|
|a 9789833969951
|
| 090 |
0 |
0 |
|a 297.61
|b ROS
|
| 100 |
0 |
|
|a Rosmah Mat Jalil
|
| 245 |
1 |
0 |
|a Abu Bakar Al-Siddiq
|c Rosmah Mat Khalil
|
| 260 |
|
|
|a Kuala Lumpur :
|b Jurus Prinsip Sdn Bhd ,
|c 2010
|
| 300 |
|
|
|a 44p. ;
|c 20cm.
|
| 490 |
0 |
|
|a Siri Khalifah Mukmin
|
| 650 |
0 |
0 |
|a Caliphs, Biografi
|x Juvenile literature
|
| 999 |
|
|
|a 00233667
|b BUKU
|c PINJAMAN
|e PERPUSTAKAAN KOMUNITI PETALING JAYA
|
| 999 |
|
|
|a 00233668
|b BUKU
|c PINJAMAN
|e PERPUSTAKAAN KOMUNITI CAW KOTA DAMANSARA
|
| 999 |
|
|
|a 00235443
|b BUKU
|c PINJAMAN
|e PERPUSTAKAAN KOMUNITI CAW KOTA DAMANSARA
|
| 999 |
|
|
|a 00278433
|b BUKU
|c JUNIOR BOOKS
|e PERPUSTAKAAN KOMUNITI CAW TAMAN MEDAN
|
| 999 |
|
|
|a 00278443
|b BUKU
|c JUNIOR BOOKS
|e PERPUSTAKAAN KOMUNITI CAW TAMAN MEDAN
|